[Event "European Cities & Towns Chess Championship - Open/Seniors"]
[Site "Central Europe"]
[Date "2023.01.29"]
[Round "6.10.4"]
[White "Omeri, Eklea"]
[Black "Perchard, Matthew"]
[Result "1-0"]
[WhiteElo "1629"]
[BlackElo "1506"]
[BlackCountry "GB"]
[BlackFideId "343404235"]
[BlackTeam "Hammersmith - West London"]
[WhiteCountry "AL"]
[WhiteFideId "4703804"]
[WhiteTeam "Butrinti"]

1. d4 d5 2. c4 c6 3. Nc3 Nf6 4. Nf3 e6 5. Bg5 Nbd7 6. e3 Bd6 7. cxd5 cxd5 
8. Bd3 O-O 9. Qc2 a6 10. Bxh7+ Kh8 11. Bd3 b5 12. a3 Bb7 13. O-O Rc8 14. 
Qe2 e5 15. Bf5 e4 16. Ne5 Nxe5 17. dxe5 Bxe5 18. Bxc8 Qxc8 19. Bxf6 Bxf6 
20. Rac1 Qe6 21. Rfd1 g6 22. h3 Kg7 23. Qd2 Rd8 24. Ne2 Qe5 25. b3 Bh4 26.
 Qd4 f6 27. Qxe5 fxe5 28. Rc7+ Kh6 29. Rxb7 d4 30. exd4 exd4 31. Rxd4 Rf8 
32. g3 Bf6 33. Rxe4 Bb2 34. a4 bxa4 35. bxa4 Ba3 36. Rh4+ Kg5 37. f4+ Kf5 
38. Rhh7 Bc5+ 39. Kg2 Re8 40. Nc3 Re3 41. g4+ Kxf4 42. Nd5+ Ke4 43. Nxe3 
Kxe3 44. h4 a5 45. h5 gxh5 46. gxh5 Bb4 47. Rhe7+ Kf4 48. Rxb4+ axb4 49. 
h6 b3 50. h7 b2 51. Rb7 Ke4 52. h8=R Kd3 53. Rxb2 Kc3 54. Rf2 Kd3 55. Re8 
Kd4 56. Rd2+ Kc3 57. Rd7 Kb4 58. Rc8 Ka3 59. Rb7 Ka2 60. a5 Ka3 61. a6 Ka4
62. a7 Ka5 63. a8=R# 1-0

[Event "European Cities & Towns Chess Championship - Open/Seniors"]
[Site "Central Europe"]
[Date "2023.01.29"]
[Round "6.11.1"]
[White "Nastase, Robert-Paul"]
[Black "Babarovic, Fran"]
[Result "1-0"]
[WhiteElo "2229"]
[BlackElo "1275"]
[BlackCountry "SI"]
[BlackFideId "14641429"]
[BlackTeam "Ljubljana - Komenda"]
[WhiteCountry "RO"]
[WhiteFideId "1221175"]
[WhiteTeam "SNAGOV"]
[WhiteTitle "FM"]

1. e4 e5 2. Nf3 Nc6 3. d4 exd4 4. Nxd4 Bc5 5. Nb3 Bb6 6. Nc3 d6 7. Qe2 Nf6
8. Bg5 h6 9. Bh4 g5 10. Bg3 Be6 11. O-O-O Bxb3 12. axb3 Nd4 13. Qc4 c5 14.
 Nb5 Nxe4 15. Nxd4 cxd4 16. Qe2 Qe7 17. Re1 O-O 18. Qxe4 Qxe4 19. Rxe4 f5 
20. Bc4+ Kh8 21. Re6 f4 22. f3 fxg3 23. hxg3 Kg7 24. Rhxh6 Rfe8 25. Reg6+ 
Kf8 26. Rh7 Re1+ 27. Kd2 Ba5+ 28. c3 dxc3+ 29. bxc3 d5 30. Bxd5 Rd8 31. 
Rg8# 1-0

[Event "European Cities & Towns Chess Championship - Open/Seniors"]
[Site "Central Europe"]
[Date "2023.01.29"]
[Round "6.11.2"]
[White "Zagar, Katarina"]
[Black "Dobronauteanu, Ion-Serban"]
[Result "0-1"]
[WhiteElo "1153"]
[BlackElo "2189"]
[BlackCountry "RO"]
[BlackFideId "1204084"]
[BlackTeam "SNAGOV"]
[WhiteCountry "SI"]
[WhiteFideId "14653826"]
[WhiteTeam "Ljubljana - Komenda"]

1. d4 Nf6 2. c4 d6 3. Nf3 g6 4. g3 Bg7 5. Bg2 O-O 6. O-O Nbd7 7. Nc3 e5 8.
 dxe5 dxe5 9. e4 c6 10. Bg5 Qc7 11. Qd2 Nc5 12. Rfe1 a5 13. Bh6 Be6 14. b3
Rfd8 15. Qg5 Rd3 16. Bxg7 Kxg7 17. Rac1 Ncd7 18. Nh4 h6 19. Nf5+ Bxf5 20. 
Qxf5 gxf5 21. exf5 Nc5 22. Ne4 Ncxe4 23. Bxe4 Nxe4 24. Rxe4 Rad8 25. Rg4+ 
Kh7 26. f6 Rd1+ 27. Rxd1 Rxd1+ 28. Kg2 c5 29. Rg7+ Kh8 30. h4 Qc6+ 31. Kh3
Qxf6 32. Rg4 Qxf2 33. Re4 Qf5+ 34. Rg4 h5 35. Kh2 hxg4 36. h5 Qf2# 0-1

[Event "European Cities & Towns Chess Championship - Open/Seniors"]
[Site "Central Europe"]
[Date "2023.01.29"]
[Round "6.11.3"]
[White "Nastase, Andreea-Cristina"]
[Black "Krstic, David"]
[Result "1-0"]
[WhiteElo "2046"]
[BlackElo "1000"]
[BlackCountry "SI"]
[BlackFideId "14654946"]
[BlackTeam "Ljubljana - Komenda"]
[WhiteCountry "RO"]
[WhiteFideId "1221183"]
[WhiteTeam "SNAGOV"]
[WhiteTitle "WFM"]

1. d4 Nf6 2. c4 g6 3. Nc3 Bg7 4. e4 d6 5. f3 O-O 6. Be3 e5 7. d5 Nh5 8. g4
Nf6 9. Qd2 c6 10. h4 a6 11. h5 b5 12. dxc6 bxc4 13. Bxc4 Nxc6 14. hxg6 
hxg6 15. Bh6 Nh5 16. gxh5 Bxh6 17. Qxh6 g5 18. Qg6+ Kh8 19. Bxf7 Rxf7 20. 
Qxf7 Nd4 21. h6 Qd7 22. Qxd7 Bxd7 23. O-O-O g4 24. fxg4 Bxg4 25. Rf1 Rc8 
26. Kd2 Kg8 27. Nge2 Nxe2 28. Nxe2 Bxe2 29. Kxe2 Rc2+ 30. Kd3 Rxb2 31. h7+
Kh8 32. Rf8+ Kg7 33. h8=Q+ Kg6 34. Rg1+ Rg2 35. Rxg2# 1-0

[Event "European Cities & Towns Chess Championship - Open/Seniors"]
[Site "Central Europe"]
[Date "2023.01.29"]
[Round "7.1.1"]
[White "Nguyen, Thai Dai Van"]
[Black "Massoni, Michael"]
[Result "1-0"]
[WhiteElo "2656"]
[BlackElo "2322"]
[BlackCountry "FR"]
[BlackFideId "654213"]
[BlackTeam "Corsica "]
[BlackTitle "IM"]
[WhiteCountry "CZ"]
[WhiteFideId "358878"]
[WhiteTeam "Prague - Open"]
[WhiteTitle "GM"]

1. Nf3 Nf6 2. c4 g6 3. Nc3 d5 4. cxd5 Nxd5 5. h4 Nf6 6. e4 Bg7 7. d4 O-O 
8. Bc4 Bg4 9. e5 Nfd7 10. h5 c5 11. hxg6 hxg6 12. e6 fxe6 13. Ng5 Bxd1 14.
 Bxe6+ Rf7 15. Bxf7+ Kf8 16. Ne6+ Kxf7 17. Nxd8+ Kg8 18. Nxd1 Nc6 19. Nxc6
bxc6 20. dxc5 1-0

[Event "European Cities & Towns Chess Championship - Open/Seniors"]
[Site "Central Europe"]
[Date "2023.01.29"]
[Round "7.1.2"]
[White "Pieri, Pierre-Louis"]
[Black "Rodshtein, Maxim"]
[Result "0-1"]
[WhiteElo "2138"]
[BlackElo "2616"]
[BlackCountry "IL"]
[BlackFideId "2806851"]
[BlackTeam "Prague - Open"]
[BlackTitle "GM"]
[WhiteCountry "FR"]
[WhiteFideId "20622627"]
[WhiteTeam "Corsica "]

1. e4 c5 2. Nc3 Nc6 3. Bb5 Nd4 4. Nf3 a6 5. Bd3 Nc6 6. O-O d6 7. Bc4 e6 8.
 d4 b5 9. Be2 cxd4 10. Nxd4 Bb7 11. Re1 Nf6 12. Bg5 Be7 13. a3 O-O 14. 
Nxc6 Bxc6 15. Bd3 h6 16. Bf4 Nd7 17. Qg4 Ne5 18. Qg3 Bh4 19. Qh3 Bg5 20. 
Qg3 Qf6 21. Bxg5 hxg5 22. Rad1 Rfd8 23. Be2 Rac8 24. Qe3 Qe7 25. h3 Bb7 
26. Qb6 Qc7 27. Qe3 Qe7 28. Rd2 Rc6 29. Na2 Rdc8 30. Nb4 Rc5 31. c3 a5 32.
 Nc2 Ng6 33. Nd4 Re5 34. f3 b4 35. axb4 axb4 36. cxb4 d5 37. b5 dxe4 38. 
fxe4 Rxe4 39. Qf2 Qb4 40. Red1 Ne5 41. Bf1 Bd5 42. Nf3 Rf4 43. Rxd5 exd5 
44. Qg3 Nxf3+ 45. gxf3 Qxb2 46. Qxg5 Rxf3 47. Qg4 Qf2+ 48. Kh1 Rc2 49. Bg2
Rg3 50. Rf1 Qxg2# 0-1

[Event "European Cities & Towns Chess Championship - Open/Seniors"]
[Site "Central Europe"]
[Date "2023.01.29"]
[Round "7.1.3"]
[White "Movsesian, Sergei"]
[Black "Utrera, Ludovic"]
[Result "1-0"]
[WhiteElo "2615"]
[BlackElo "2045"]
[BlackCountry "FR"]
[BlackFideId "20604580"]
[BlackTeam "Corsica "]
[WhiteCountry "AM"]
[WhiteFideId "310204"]
[WhiteTeam "Prague - Open"]
[WhiteTitle "GM"]

1. e4 c5 2. Nc3 a6 3. g3 b5 4. Bg2 Bb7 5. Nge2 e6 6. d4 cxd4 7. Nxd4 Nc6 
8. O-O Bc5 9. Be3 Nxd4 10. Bxd4 Bxd4 11. Qxd4 Nf6 12. e5 Bxg2 13. Kxg2 Nd5
14. Nxd5 exd5 15. Qxd5 O-O 16. Rad1 Rc8 17. c3 Re8 18. f4 Qa5 19. a3 Qa4 
20. Rd4 Qc2+ 21. Rf2 Qb1 22. Qxd7 h6 23. Qb7 Rcd8 24. Qc6 Rf8 25. Rd6 Rc8 
26. Qd5 Rc4 27. Rxa6 Re4 28. e6 Re1 29. exf7+ Kh7 30. Rd6 Rg1+ 31. Kh3 Qe1
32. Qd3+ Kh8 33. Qd4 Rxf7 34. Rxh6+ Kg8 35. Qd8+ Rf8 36. Rh8+ Kxh8 37. 
Qxf8+ Kh7 38. Qf5+ Kg8 39. Qd5+ Kh7 40. Qh5+ Kg8 41. Re2 Qf1+ 42. Kh4 1-0

[Event "European Cities & Towns Chess Championship - Open/Seniors"]
[Site "Central Europe"]
[Date "2023.01.29"]
[Round "7.1.4"]
[White "Geronimi, Pierre-Francois"]
[Black "Nemec, Jachym"]
[Result "0-1"]
[WhiteElo "2027"]
[BlackElo "2361"]
[BlackCountry "CZ"]
[BlackFideId "23716525"]
[BlackTeam "Prague - Open"]
[BlackTitle "FM"]
[WhiteCountry "FR"]
[WhiteFideId "655686"]
[WhiteTeam "Corsica "]

1. e4 c6 2. Nc3 d5 3. Qf3 d4 4. Bc4 e6 5. Nce2 Nf6 6. d3 Bb4+ 7. c3 dxc3 
8. bxc3 Be7 9. Qg3 b5 10. Bb3 Nbd7 11. f4 Nc5 12. Bc2 Bb7 13. e5 Nh5 14. 
Qf3 g6 15. d4 Na4 16. Be4 Rc8 17. Nh3 Ng7 18. Nf2 h5 19. Bd2 Nf5 20. g3 
Nb6 21. h3 Nc4 22. Nd3 Ba8 23. Rb1 a6 24. g4 Nh4 25. Qf2 c5 26. Bxa8 Rxa8 
27. Ng3 Qd5 28. Rf1 hxg4 29. hxg4 Ng2+ 30. Ke2 Rh2 31. Rh1 Nxf4+ 32. Nxf4 
Rxf2+ 33. Kxf2 Qc6 34. Be3 Nxe3 35. Kxe3 cxd4+ 36. cxd4 Qc3+ 37. Nd3 Bg5+ 
38. Ke4 Qc6+ 0-1

[Event "European Cities & Towns Chess Championship - Open/Seniors"]
[Site "Central Europe"]
[Date "2023.01.29"]
[Round "7.2.2"]
[White "Papaioannou, Ioannis"]
[Black "Can, Isik"]
[Result "0-1"]
[WhiteElo "2628"]
[BlackElo "2488"]
[BlackCountry "TR"]
[BlackFideId "6383742"]
[BlackTeam "Istanbul - Open"]
[BlackTitle "IM"]
[WhiteCountry "GR"]
[WhiteFideId "4201345"]
[WhiteTeam "Thessaloniki"]
[WhiteTitle "GM"]

1. d4 d5 2. c4 c6 3. cxd5 cxd5 4. Bf4 Nc6 5. e3 Nf6 6. Nc3 Bf5 7. Qb3 Na5 
8. Qa4+ Bd7 9. Qc2 e6 10. Bd3 Rc8 11. Nf3 Bb4 12. O-O Nh5 13. Bg5 f6 14. 
Bh4 g5 15. Bg3 g4 16. Nd2 Nxg3 17. hxg3 f5 18. a3 Bd6 19. b4 Nc6 20. Nb3 
b6 21. Ba6 Rb8 22. Bb5 Rc8 23. Ba6 Rb8 24. Rac1 Ne7 25. Bb5 h5 26. Bxd7+ 
Qxd7 27. Qd3 Kf7 28. Qb5 Qd8 29. Ne2 h4 30. Nd2 Qf8 31. f4 gxf3 32. Nxf3 
hxg3 33. Ng5+ Kf6 34. Nh3 Rxh3 35. gxh3 Qh6 36. Kg2 Rh8 37. Ng1 Ng6 38. 
Kh1 Qxe3 39. Rc2 Qe4+ 40. Rg2 Nh4 41. Qe2 Nxg2 42. Qxg2 Qxd4 43. Nf3 Qg4 
44. Ng1 d4 0-1

[Event "European Cities & Towns Chess Championship - Open/Seniors"]
[Site "Central Europe"]
[Date "2023.01.29"]
[Round "7.2.3"]
[White "Makaraci, Tunahan"]
[Black "Mastrovasilis, Athanasios"]
[Result "1/2-1/2"]
[WhiteElo "2296"]
[BlackElo "2520"]
[BlackCountry "GR"]
[BlackFideId "4201990"]
[BlackTeam "Thessaloniki"]
[BlackTitle "GM"]
[WhiteCountry "TR"]
[WhiteFideId "6356559"]
[WhiteTeam "Istanbul - Open"]

1. e4 e5 2. Nc3 Nf6 3. f4 d5 4. fxe5 Nxe4 5. Qf3 Nc6 6. Bb5 Nxc3 7. dxc3 
Be6 8. Ne2 Bc5 9. Be3 Bxe3 10. Qxe3 O-O 11. Bxc6 bxc6 12. O-O Qb8 13. b4 
Qb6 14. Nd4 c5 15. Nxe6 fxe6 16. bxc5 Qa6 17. Qd3 Qc6 18. Qd4 Qa6 19. h3 
h6 20. Qg4 Qc6 21. Qd4 Qa6 22. Qd3 Qc6 23. Qe3 Qa4 24. Qe2 Rab8 25. Qd3 
Qc6 26. Qd4 Qb5 27. Qe3 Qc4 28. Qd4 Qe2 29. Rae1 Qxc2 30. Qg4 Rf5 31. Rxf5
Qxf5 32. Qa4 Rf8 33. Kh1 Qf2 34. Rb1 Qe2 35. Qxa7 Qxe5 36. c6 Kh7 37. Qc5 
Rf5 38. Qd4 Qxd4 39. cxd4 Rf4 40. Rb4 Rf1+ 41. Kh2 Rc1 42. Kg3 Rxc6 43. 
Kf4 Rc2 44. a4 Rxg2 45. Rb7 Ra2 46. Rxc7 Rxa4 47. Ke5 Kg6 48. Re7 Ra5 49. 
Rxe6+ Kh5 50. Rd6 Kh4 51. Rxd5 Ra7 52. Rd6 Kxh3 53. Rg6 h5 54. d5 h4 55. 
d6 Kh2 56. Ke6 h3 57. d7 Ra6+ 58. Kf7 Ra7 59. Ke6 Ra6+ 60. Kf7 Ra7 61. Ke6
1/2-1/2

[Event "European Cities & Towns Chess Championship - Open/Seniors"]
[Site "Central Europe"]
[Date "2023.01.29"]
[Round "7.2.4"]
[White "Ioannidis, Evgenios"]
[Black "Citak, Selim"]
[Result "1-0"]
[WhiteElo "2476"]
[BlackElo "2281"]
[BlackCountry "TR"]
[BlackFideId "6301819"]
[BlackTeam "Istanbul - Open"]
[BlackTitle "FM"]
[WhiteCountry "GR"]
[WhiteFideId "4229274"]
[WhiteTeam "Thessaloniki"]
[WhiteTitle "IM"]

1. d4 Nf6 2. c4 e6 3. Nc3 d5 4. cxd5 exd5 5. Bg5 Be7 6. e3 c6 7. Bd3 Nbd7 
8. Nge2 Nh5 9. Bxe7 Qxe7 10. g4 Nhf6 11. Ng3 Nb6 12. g5 Nfd7 13. h4 Nf8 
14. Qf3 Be6 15. Nh5 Rg8 16. O-O-O O-O-O 17. Rhg1 Ng6 18. Rh1 Qb4 19. a3 
Qa5 20. Ng3 Nd7 21. h5 Ngf8 22. Nf5 Bxf5 23. Qxf5 f6 24. gxf6 gxf6 25. 
Rhg1 Rxg1 26. Rxg1 Qc7 27. Qh3 Kb8 28. h6 Ng6 29. Bxg6 Rg8 30. Rg3 hxg6 
31. h7 Rh8 32. Rxg6 Qd8 33. Qg3+ 1-0

[Event "European Cities & Towns Chess Championship - Open/Seniors"]
[Site "Central Europe"]
[Date "2023.01.29"]
[Round "7.3.1"]
[White "Stoleriu, George"]
[Black "Kourkoulos-Arditis, Stamatis"]
[Result "0-1"]
[WhiteElo "2389"]
[BlackElo "2537"]
[BlackCountry "GR"]
[BlackFideId "4221990"]
[BlackTeam "Kallithea - Athens"]
[BlackTitle "IM"]
[WhiteCountry "RO"]
[WhiteFideId "1227505"]
[WhiteTeam "Iasi"]
[WhiteTitle "FM"]

1. e4 c5 2. Nc3 d6 3. Bb5+ Bd7 4. Bxd7+ Qxd7 5. f4 Nc6 6. d3 g6 7. Nf3 Bg7
8. O-O e6 9. f5 Nf6 10. fxe6 fxe6 11. Bg5 O-O 12. Qd2 Ng4 13. h3 Nge5 14. 
Nxe5 Nxe5 15. Bh6 b5 16. Bxg7 Kxg7 17. a3 a6 18. Rxf8 Rxf8 19. Rf1 Rxf1+ 
20. Kxf1 Qe7 21. Ne2 Qf6+ 22. Qf4 Nc6 23. Kf2 g5 24. Qxf6+ Kxf6 25. Ke3 d5
26. exd5 exd5 27. d4 c4 28. c3 Ne7 29. Kf3 Nf5 30. g3 Nd6 31. g4 Nc8 32. 
Ke3 Nb6 33. Kd2 Nc8 34. Ng3 Ne7 35. Ke3 Ng6 36. Ne2 Ke6 37. Kf3 Kd6 38. 
Ke3 Kc6 39. Kd2 Kc7 40. Ke3 Kb6 41. Kd2 Ka5 42. Ng3 Nf4 43. Nf5 Nxh3 44. 
Ne7 Nf4 45. Nc8 h5 46. gxh5 Nxh5 47. Ne7 Nf4 48. Nc6+ Ka4 49. Nb8 Kb3 50. 
Nxa6 g4 51. Nc7 g3 52. Ke3 Kxb2 53. Nxb5 g2 54. Kf2 Kb3 55. Kg1 Ne2+ 56. 
Kxg2 Nxc3 57. Nc7 Kxa3 58. Kf3 Kb3 59. Ke3 Kc2 60. Kf4 Kd3 61. Ke5 Ke3 62.
 Na6 Na2 63. Nc7 Nb4 64. Nb5 Kd3 65. Kd6 c3 66. Na3 c2 67. Nxc2 Kxc2 68. 
Kc5 Kb3 69. Kb5 Nc2 70. Kc5 Ne3 71. Kd6 Kc3 72. Ke5 Kd3 0-1

[Event "European Cities & Towns Chess Championship - Open/Seniors"]
[Site "Central Europe"]
[Date "2023.01.29"]
[Round "7.3.2"]
[White "Halkias, Stelios"]
[Black "Gheorghiu, Calin"]
[Result "1-0"]
[WhiteElo "2516"]
[BlackElo "2317"]
[BlackCountry "RO"]
[BlackFideId "1200305"]
[BlackTeam "Iasi"]
[BlackTitle "FM"]
[Termination "time forfeit"]
[WhiteCountry "GR"]
[WhiteFideId "4201809"]
[WhiteTeam "Kallithea - Athens"]
[WhiteTitle "GM"]

1. Nf3 Nf6 2. c4 e6 3. g3 d5 4. d4 Bb4+ 5. Nbd2 dxc4 6. a3 Bxd2+ 7. Bxd2 
b5 8. a4 c6 9. Bg2 O-O 10. O-O Nbd7 11. Qc2 Bb7 12. Ng5 a6 13. e4 h6 14. 
e5 hxg5 15. Bxg5 Qb6 16. exf6 Nxf6 17. Bxf6 gxf6 18. Rad1 Rad8 19. Qe4 f5 
20. Qe3 Rd6 21. Qg5+ Kh8 22. Qe7 Rdd8 23. d5 cxd5 24. Qf6+ Kg8 25. Rd4 
Qxd4 26. Qxd4 Rd6 27. Re1 Rfd8 28. g4 fxg4 29. Qf6 Kf8 30. Re5 Ke8 31. Rg5
Kd7 32. Rg7 Kc6 33. Qxf7 R8d7 34. Qe8 b4 35. Rxd7 Rxd7 36. Qxe6+ Rd6 37. 
Qe5 Bc8 38. Qd4 Be6 39. a5 Kb5 40. Bf1 Rc6 41. b3 Kxa5 42. bxc4 dxc4 43. 
Bg2 Rb6 44. Qc5+ Rb5 45. Qc7+ Rb6 46. Bc6 b3 47. Qe5+ 1-0

[Event "European Cities & Towns Chess Championship - Open/Seniors"]
[Site "Central Europe"]
[Date "2023.01.29"]
[Round "7.3.3"]
[White "Calin, Alexandru"]
[Black "Kalogeris, Ioannis"]
[Result "1/2-1/2"]
[WhiteElo "2169"]
[BlackElo "2409"]
[BlackCountry "GR"]
[BlackFideId "4239563"]
[BlackTeam "Kallithea - Athens"]
[BlackTitle "FM"]
[WhiteCountry "RO"]
[WhiteFideId "1222961"]
[WhiteTeam "Iasi"]
[WhiteTitle "FM"]

1. d4 d5 2. Nf3 Nf6 3. c4 e6 4. g3 Be7 5. Bg2 O-O 6. O-O dxc4 7. Qa4 a6 8.
 Qxc4 b5 9. Qc2 Bb7 10. Bf4 Bd6 11. Bxd6 cxd6 12. Nbd2 Nc6 13. a3 Rc8 14. 
Qd3 Na5 15. Rac1 h6 16. b4 Nc6 17. e4 Qb6 18. e5 dxe5 19. dxe5 Ng4 20. Rc5
a5 21. Rxb5 Qa6 22. bxa5 Na7 23. a4 Nxb5 24. axb5 Qxa5 25. h3 Rfd8 26. Qe2
Qa2 27. hxg4 Bxf3 28. Qxf3 Qxd2 29. b6 Rc3 30. Qe4 g6 31. b7 Rb3 32. Qa4 
Qb4 33. Qxb4 Rxb4 34. Rc1 Kg7 35. Rc8 Rd1+ 36. Kh2 Rdb1 37. Bf3 R1b3 38. 
Kg2 g5 39. Rd8 Rb5 40. Rc8 R5b4 41. Rd8 f6 42. Rd7+ Kg6 43. exf6 Kxf6 44. 
Rh7 Kg6 45. Re7 Rb6 46. Be4+ Kf6 47. Rh7 Ke5 48. Bf3 Kd4 49. Rxh6 e5 50. 
Rh8 Rb2 51. Rd8+ Kc4 52. Rg8 Kd4 53. Rd8+ Kc4 54. Rc8+ Kd4 55. Rd8+ 
1/2-1/2

[Event "European Cities & Towns Chess Championship - Open/Seniors"]
[Site "Central Europe"]
[Date "2023.01.29"]
[Round "7.3.4"]
[White "Papasimakopoulos, Alexandros"]
[Black "Zubcu, Vlad-George"]
[Result "1-0"]
[WhiteElo "2334"]
[BlackElo "2156"]
[BlackCountry "RO"]
[BlackFideId "1219715"]
[BlackTeam "Iasi"]
[WhiteCountry "GR"]
[WhiteFideId "4244125"]
[WhiteTeam "Kallithea - Athens"]
[WhiteTitle "FM"]

1. d4 Nf6 2. c4 e6 3. Nc3 Bb4 4. Qc2 O-O 5. a3 Bxc3+ 6. Qxc3 b5 7. cxb5 c6
8. Bg5 cxb5 9. e3 Bb7 10. Nf3 a6 11. Be2 h6 12. Bh4 Nc6 13. O-O g5 14. Bg3
Ne4 15. Qd3 f5 16. Nd2 Ne7 17. f3 Nxg3 18. hxg3 Qb6 19. a4 Bc6 20. a5 Qa7 
21. Kh2 Rac8 22. e4 Ng6 23. Rac1 Qb7 24. Rc5 d6 25. Rc2 fxe4 26. fxe4 Rxf1
27. Bxf1 Kg7 28. Be2 Bd7 29. Bh5 Ne7 30. d5 Rxc2 31. Qxc2 exd5 32. Qc3+ 
Kh7 33. Qf6 Ng8 34. Bg6# 1-0

[Event "European Cities & Towns Chess Championship - Open/Seniors"]
[Site "Central Europe"]
[Date "2023.01.29"]
[Round "7.4.1"]
[White "Mavroudis, Dimitris"]
[Black "Tomic, Aleksandar"]
[Result "0-1"]
[WhiteElo "1973"]
[BlackElo "2417"]
[BlackCountry "ME"]
[BlackFideId "16501799"]
[BlackTeam "Niksic"]
[BlackTitle "FM"]
[WhiteCountry "GR"]
[WhiteFideId "4222318"]
[WhiteTeam "Trikala "]

1. d4 Nf6 2. c4 e6 3. Nc3 Bb4 4. Qc2 d5 5. a3 Bxc3+ 6. Qxc3 O-O 7. e3 b6 
8. cxd5 exd5 9. Nf3 Ne4 10. Qc2 c5 11. Bd3 Re8 12. b3 Ba6 13. Bxa6 Nxa6 
14. Bb2 Rc8 15. Qe2 c4 16. bxc4 dxc4 17. O-O Qd5 18. Rac1 b5 19. Bc3 Nb8 
20. Qb2 Nc6 21. Nd2 Nxd2 22. Qxd2 f5 23. f3 Rcd8 24. Rfd1 a5 25. Kf2 Ra8 
26. Re1 Qd6 27. d5 Ne5 28. Bxe5 Rxe5 29. Rcd1 b4 30. Qd4 c3 31. e4 c2 32. 
Rd3 fxe4 33. fxe4 Rc8 34. Rc1 Ree8 35. axb4 Qf4+ 36. Rf3 Qxc1 37. d6 Qd1 
38. Rd3 Rf8+ 39. Kg3 Qe1+ 40. Kh3 c1=Q 41. e5 Qh6+ 42. Kg4 Qhh4# 0-1

[Event "European Cities & Towns Chess Championship - Open/Seniors"]
[Site "Central Europe"]
[Date "2023.01.29"]
[Round "7.4.2"]
[White "Krivokapic, Marko"]
[Black "Gountras, Klearhos"]
[Result "1-0"]
[WhiteElo "2386"]
[BlackElo "1968"]
[BlackCountry "GR"]
[BlackFideId "4206495"]
[BlackTeam "Trikala "]
[WhiteCountry "ME"]
[WhiteFideId "931314"]
[WhiteTeam "Niksic"]
[WhiteTitle "IM"]

1. e4 e5 2. Nf3 Nc6 3. Bc4 Nf6 4. Ng5 d5 5. exd5 Na5 6. Bb5+ c6 7. dxc6 
bxc6 8. Be2 h6 9. Nf3 e4 10. Ne5 Bd6 11. d4 exd3 12. Nxd3 Qc7 13. h3 O-O 
14. O-O c5 15. b3 c4 16. bxc4 Nxc4 17. Nd2 Na3 18. Bb2 Bf5 19. Rc1 Nc4 20.
 Nxc4 Qxc4 21. Bxf6 gxf6 22. Ne5 Qc7 23. Ng4 Bxg4 24. Bxg4 Bf4 25. Rb1 
Rad8 26. Qf3 Rd4 27. g3 Be5 28. Bf5 Rb8 29. Bd3 Rb6 30. Kg2 Qd7 31. Rb3 
Qd5 32. Rfb1 Qxf3+ 33. Kxf3 Rdd6 34. Re1 Kf8 35. h4 Rd4 36. Rxb6 axb6 37. 
Rb1 Rd6 38. Rb5 Bd4 39. a4 Kg7 40. a5 bxa5 41. Rxa5 Rc6 42. Ra8 Rc7 43. 
Rd8 Bc3 44. Bf5 Rc5 45. Be4 Rc7 46. Bd5 Be5 47. c4 f5 48. Ke3 Kf6 49. Rb8 
Kg7 50. Rb7 Rxb7 51. Bxb7 Kf6 52. Bc8 Kg6 53. c5 Kf6 54. Kd3 f4 55. g4 Bc7
56. Ke4 Bb8 57. Kd5 Ke7 58. Bf5 f6 59. Be6 Be5 60. Bf5 Bb8 61. Bc2 Bc7 62.
 Ke4 Kf7 63. Kf5 Bb8 64. Bb3+ Kg7 65. Ke6 Ba7 66. c6 Bb8 67. Kd7 Be5 68. 
c7 1-0

[Event "European Cities & Towns Chess Championship - Open/Seniors"]
[Site "Central Europe"]
[Date "2023.01.29"]
[Round "7.4.3"]
[White "Lioumis, Petros"]
[Black "Kisic, Bozidar"]
[Result "0-1"]
[WhiteElo "1290"]
[BlackElo "2303"]
[BlackCountry "ME"]
[BlackFideId "16500350"]
[BlackTeam "Niksic"]
[BlackTitle "FM"]
[WhiteCountry "GR"]
[WhiteFideId "25806238"]
[WhiteTeam "Trikala "]

1. e4 g6 2. d4 Bg7 3. c3 d6 4. Nf3 a6 5. Bc4 e6 6. O-O Ne7 7. Bg5 h6 8. 
Bh4 b6 9. d5 e5 10. a4 g5 11. Bg3 Ng6 12. Nbd2 h5 13. h3 h4 14. Bh2 g4 15.
 hxg4 Bxg4 16. Be2 Nd7 17. b4 Nf4 18. Bxf4 exf4 19. Nh2 Bxe2 20. Qxe2 Bxc3
21. b5 axb5 22. Rac1 b4 23. Nc4 Rg8 24. e5 Bxe5 25. Nxe5 Nxe5 26. Qb5+ Kf8
27. f3 h3 28. Rc2 Ra5 29. Qxb4 Qg5 30. Ng4 Rc5 31. Rxc5 dxc5 32. Qe4 Nxg4 
33. fxg4 Qxg4 34. Rxf4 Qxg2+ 35. Qxg2 Rxg2+ 36. Kh1 Rd2 37. Rh4 Rxd5 38. 
Rxh3 Rd2 39. Rh8+ Ke7 40. Rc8 Kd7 41. Rf8 Ra2 42. Rxf7+ Kc6 43. Rf4 Rb2 
44. Rf6+ Kb7 45. Rf3 c4 46. Kg1 Rb3 47. Rf2 c3 48. Rc2 Ka6 49. Kf2 Ka5 50.
 Ke3 Kxa4 51. Kd3 c5 52. Kc4 Rb4+ 53. Kxc3 Kb5 54. Kd3 Rb3+ 55. Ke4 Rh3 
56. Rb2+ Kc6 57. Rg2 Rh8 58. Rg6+ Kb5 59. Rd6 Rh1 60. Rd8 Re1+ 61. Kf3 Re7
62. Rd2 c4 63. Rb2+ Kc5 64. Rh2 b5 65. Rh8 Kb4 66. Rc8 Kb3 67. Rb8 b4 0-1

[Event "European Cities & Towns Chess Championship - Open/Seniors"]
[Site "Central Europe"]
[Date "2023.01.29"]
[Round "7.4.4"]
[White "Saric, Igor"]
[Black "Karanasios, Dimosthenis"]
[Result "1/2-1/2"]
[WhiteElo "2282"]
[BlackElo "1240"]
[BlackCountry "GR"]
[BlackFideId "42108306"]
[BlackTeam "Trikala "]
[WhiteCountry "ME"]
[WhiteFideId "909319"]
[WhiteTeam "Niksic"]
[WhiteTitle "FM"]

1. e4 c6 2. d4 d5 3. Nc3 dxe4 4. Nxe4 Bf5 5. Ng3 Bg6 6. Nf3 Nd7 7. h4 h6 
8. Bc4 e6 9. Qe2 Bd6 10. h5 Bh7 11. Ne4 Bxe4 12. Qxe4 Ngf6 13. Qe2 Qe7 14.
 c3 Nb6 15. Bb3 Nbd5 16. Ne5 Nd7 17. Bd2 Nxe5 18. dxe5 Bc5 19. Bc2 O-O-O 
20. O-O-O Rd7 21. f4 Qd8 22. g4 Qb6 23. Rh3 Nc7 24. f5 Qa6 25. Qxa6 Nxa6 
26. b4 Be7 27. a3 Nc7 28. Rf3 Bg5 29. Bxg5 hxg5 30. f6 gxf6 31. Rxf6 Nd5 
32. Rf3 Nf4 33. Rdf1 Rd5 34. Re3 Kd8 35. Rff3 Ke7 36. Re4 Ng2 37. c4 Rd7 
38. Rf2 Nh4 39. Kb2 Rh6 40. Kc3 b6 41. Ba4 Rc7 42. Rd4 b5 43. Bc2 Rd7 44. 
Be4 Rc7 45. c5 f6 46. exf6+ Rxf6 47. Rxf6 Kxf6 48. Rd6 Ke5 49. Bxc6 Kf4 
50. Rd4+ Kg3 51. Bxb5 a5 52. Kc4 axb4 53. axb4 Nf3 54. Rd7 Ne5+ 55. Kd4 
Nxd7 56. h6 Nf6 57. Ke5 Nxg4+ 58. Kxe6 Nf2 59. Kd6 Rh7 60. c6 Ne4+ 61. Ke5
Nc3 62. Bd3 Rxh6 63. b5 g4 64. c7 Rh8 65. b6 Kf2 66. b7 g3 67. c8=Q g2 68.
 Qxh8 g1=Q 69. b8=Q Qg3+ 70. Kd4 Qg4+ 71. Kxc3 Qf3 72. Qbf8 Ke1 73. Qxf3 
1/2-1/2

[Event "European Cities & Towns Chess Championship - Open/Seniors"]
[Site "Central Europe"]
[Date "2023.01.29"]
[Round "7.5.1"]
[White "Xhembulla, Aleksander"]
[Black "Hristodoulou, Panagiotis"]
[Result "1-0"]
[WhiteElo "2091"]
[BlackElo "2372"]
[BlackCountry "GR"]
[BlackFideId "4214340"]
[BlackTeam "Heraklion"]
[BlackTitle "FM"]
[WhiteCountry "AL"]
[WhiteFideId "4705114"]
[WhiteTeam "TIRANA City"]

1. e4 Nf6 2. e5 Nd5 3. d4 d6 4. Nf3 dxe5 5. dxe5 Bg4 6. Bc4 e6 7. O-O Nc6 
8. Re1 Ndb4 9. Nbd2 Bxf3 10. gxf3 Qg5+ 11. Kh1 O-O-O 12. c3 Nd5 13. Ne4 
Qxe5 14. Qe2 Qh5 15. Bd2 Bd6 16. Nxd6+ Rxd6 17. Rad1 Rhd8 18. Bc1 Qh4 19. 
Rg1 Nf4 20. Rxd6 Rxd6 21. Qe4 g5 22. Be3 f5 23. Qc2 Ne5 24. Be2 h6 25. Bd4
Nc6 26. Be3 a6 27. b4 Nxe2 28. Qxe2 Qh5 29. Bc5 Kd7 30. Bxd6 cxd6 31. Rd1 
Ne5 32. Kg2 Ke7 33. Re1 Qh4 34. Qe3 Qc4 35. a4 Kf6 36. Rd1 Ng6 37. Qd4+ 
Qxd4 38. Rxd4 Ke5 39. Kf1 Nf4 40. Rc4 b5 41. Rc6 bxa4 42. Rxa6 Nd5 43. b5 
Nxc3 44. b6 Nb1 45. Ke1 d5 46. b7 1-0